Eastern Utah Libraries Catalog: Duchesne, Heber, Roosevelt, & Vernal

Sapiens : (Record no. 367368)

MARC details
000 -LEADER
fixed length control field 03387cam a2200589Ii 4500
001 - CONTROL NUMBER
control field 1147266340
003 - CONTROL NUMBER IDENTIFIER
control field OCoLC
005 - DATE AND TIME OF LATEST TRANSACTION
control field 20211108142653.0
008 - FIXED-LENGTH DATA ELEMENTS--GENERAL INFORMATION
fixed length control field 200330s2020 nyua e 6 000 0 eng d
020 ## - INTERNATIONAL STANDARD BOOK NUMBER
International Standard Book Number 9780063051331
Qualifying information paperback
020 ## - INTERNATIONAL STANDARD BOOK NUMBER
International Standard Book Number 0063051338
Qualifying information paperback
020 ## - INTERNATIONAL STANDARD BOOK NUMBER
International Standard Book Number 9780063055087
Qualifying information library edition
020 ## - INTERNATIONAL STANDARD BOOK NUMBER
International Standard Book Number 0063055082
Qualifying information library edition
035 ## - SYSTEM CONTROL NUMBER
System control number (OCoLC)1147266340
Canceled/invalid control number (OCoLC)1243504135
-- (OCoLC)1246150846
-- (OCoLC)1247679349
040 ## - CATALOGING SOURCE
Original cataloging agency YDX
Language of cataloging eng
Description conventions rda
Transcribing agency YDX
Modifying agency OCLCQ
-- IG$
-- OCLCF
-- SAP
-- GL4
-- KCC
-- CLE
-- NZAUC
-- RB0
-- OCLCO
-- YDXIT
-- MLA
-- OCLCO
-- UAP
-- COV
041 1# - LANGUAGE CODE
Language code of text/sound track or separate title eng
Language code of original and/or intermediate translations of text heb
050 #4 - LIBRARY OF CONGRESS CALL NUMBER
Classification number CB25
Item number .H3713 2020
050 #4 - LIBRARY OF CONGRESS CALL NUMBER
Classification number CB25
Item number .H3713 2020
082 04 - DEWEY DECIMAL CLASSIFICATION NUMBER
Classification number 909
Edition number 23
092 ## - LOCALLY ASSIGNED DEWEY CALL NUMBER (OCLC)
Classification number nonfiction
Item number 909 Harari
100 1# - MAIN ENTRY--PERSONAL NAME
Personal name Harari, Yuval N.,
Relator term author,
-- creator.
9 (RLIN) 5714397
240 10 - UNIFORM TITLE
Uniform title <a href="Ḳitsur toldot ha-enoshut.">Ḳitsur toldot ha-enoshut.</a>
Language of a work English
245 10 - TITLE STATEMENT
Title Sapiens :
Remainder of title a graphic history.
Number of part/section of a work Volume one,
Name of part/section of a work The birth of humankind /
Statement of responsibility, etc creation and co-writing, Yuval Noah Harari ; adaptation and co-writing, David Vandermeulen ; adaptation and illustration, Daniel Casanave ; colors, Claire Champion ; master text translation, Adriana Hunter.
246 30 - VARYING FORM OF TITLE
Title proper/short title Birth of humankind.
250 ## - EDITION STATEMENT
Edition statement First English language edition.
250 ## - EDITION STATEMENT
Edition statement First U.S. edition.
264 #1 - Production, Publication, Distribution, Manufacture, and Copyright Notice.
Place of production, publication, distribution, manufacture New York :
Name of producer, publisher, distributor, manufacturer Harper Perennial,
Date of production, publication, distribution, manufacture, or copyr 2020.
300 ## - PHYSICAL DESCRIPTION
Extent 245 pages :
Other physical details color illustrations ;
Dimensions 28 cm.
336 ## - Content Type
Content type term text
336 ## - Content Type
Content type term still image
337 ## - Media type
Media type term unmediated
338 ## - Carrier type
Carrier type term volume
500 ## - GENERAL NOTE
General note Graphic novel adaptation of Sapiens: a brief history of humankind by Yuval N. Harari.
500 ## - GENERAL NOTE
General note "First published in Hebrew in 2011 by Kinneret, Zmora-Bitan, Dvir."--Title page verso.
520 ## - SUMMARY, ETC.
Summary, etc "In this first volume of the full-color illustrated adaptation of his groundbreaking book, renowned historian Yuval Harari tells the story of humankind's creation and evolution, exploring the ways in which biology and history have defined us and enhanced our understanding of what it means to be 'human'. From examining the role evolving humans have played in the global ecosystem to charting the rise of empires, Sapiens challenges us to reconsider accepted beliefs, connect past developments with contemporary concerns, and view specific events within the context of larger ideas."--Publisher's description.
546 ## - LANGUAGE NOTE
Language note Translated from the French (original work in Hebrew).
650 #0 - SUBJECT ADDED ENTRY--TOPICAL TERM
Topical term or geographic name as entry element Civilization
General subdivision History
Form subdivision Comic books, strips, etc.
9 (RLIN) 6433119
650 #0 - SUBJECT ADDED ENTRY--TOPICAL TERM
Topical term or geographic name as entry element Human beings
General subdivision History
Form subdivision Comic books, strips, etc.
9 (RLIN) 6433120
650 #0 - SUBJECT ADDED ENTRY--TOPICAL TERM
Topical term or geographic name as entry element World history
Form subdivision Comic books, strips, etc.
9 (RLIN) 6433121
650 #0 - SUBJECT ADDED ENTRY--TOPICAL TERM
Topical term or geographic name as entry element Chronology, Historical
Form subdivision Comic books, strips, etc.
9 (RLIN) 6433122
650 #0 - SUBJECT ADDED ENTRY--TOPICAL TERM
Topical term or geographic name as entry element Technology and civilization
General subdivision History
Form subdivision Comic books, strips, etc.
9 (RLIN) 6433123
655 #7 - INDEX TERM--GENRE/FORM
Genre/form data or focus term Comics (Graphic works)
Source of term lcgft
9 (RLIN) 5689343
655 #7 - INDEX TERM--GENRE/FORM
Genre/form data or focus term Graphic novel adaptations.
Source of term lcgft
9 (RLIN) 5803233
655 #7 - INDEX TERM--GENRE/FORM
Genre/form data or focus term Historical comics.
Source of term lcgft
9 (RLIN) 5724239
655 #7 - INDEX TERM--GENRE/FORM
Genre/form data or focus term Nonfiction comics.
Source of term lcgft
9 (RLIN) 5724240
700 1# - ADDED ENTRY--PERSONAL NAME
Personal name Vandermeulen, David,
Dates associated with a name 1968-
Relator term author,
-- adapter.
9 (RLIN) 6433124
700 1# - ADDED ENTRY--PERSONAL NAME
Personal name Casanave, Daniel,
Relator term illustrator,
-- adapter.
9 (RLIN) 6433125
700 1# - ADDED ENTRY--PERSONAL NAME
Personal name Champion, Claire
Titles and other words associated with a name (Colorist),
Relator term colourist.
9 (RLIN) 6433126
700 1# - ADDED ENTRY--PERSONAL NAME
Personal name Hunter, Adriana,
Relator term translator.
9 (RLIN) 48027
700 1# - ADDED ENTRY--PERSONAL NAME
Personal name Harari, Yuval N.
Title of a work Ḳitsur toldot ha-enoshut.
Language of a work English.
9 (RLIN) 6433127
942 ## - ADDED ENTRY ELEMENTS (KOHA)
Source of classification or shelving scheme Dewey Decimal Classification
Koha item type BOOK
Holdings
Withdrawn status Lost status Source of classification or shelving scheme Damaged status Not for loan Collection code Home library Current library Shelving location Date acquired Source of acquisition Serial Enumeration / chronology Total Checkouts Total Renewals Full call number Barcode Checked out Date last seen Date checked out Cost, replacement price Price effective from Koha item type
    Dewey Decimal Classification     General NonFiction Wasatch County Library Wasatch County Library Second Floor 11/08/2021 Amazon #1 Sapiens 14 15 909 Harari 34301001831470 04/25/2026 02/24/2026 02/24/2026 40.00 11/08/2021 BOOK
This project was made possible through a grant from the Institute of Museum and Library Service administered by the Utah State Library Division.

Wasatch County Library

  • 465 East 1200 South, Heber City, Utah 84032
  • Phone 435-654-1511 | Fax 435-654-6456

Hours

  • Monday - Friday 9:30 AM - 8:00 PM
  • Saturday 9:30 AM - 1:30 PM
  • Closed Sundays and Holidays